|
|
|
|
| LEADER |
00000nam2a2200000 4500 |
| 001 |
73608 |
| 005 |
20231031084509.0 |
| 035 |
|
|
|a (RuTPU)RU\TPU\book\78540
|
| 090 |
|
|
|a 73608
|
| 100 |
|
|
|a 20050219d1974 k y0rusy50 ca
|
| 101 |
0 |
|
|a rus
|
| 102 |
|
|
|a RU
|
| 105 |
|
|
|a a l 000zy
|
| 200 |
0 |
|
|a Ч. 2 : Зуборезные, горизонтально- расточные, резьбонакатные и отрезные станки
|
| 205 |
|
|
|a издание второе
|
| 210 |
|
|
|d 1974
|
| 215 |
|
|
|a 200 с.
|c ил.
|
| 461 |
|
1 |
|0 (RuTPU)RU\TPU\book\78697
|t Общемашиностроительные нормативы режимов резания для технического нормирования работ на металлорежущих станках
|o в 2 частях
|f Центральное бюро промышленных нормативов по труду при Научно-исследовательском институте труда Государственного комитета Совета Министров СССР по вопросам труда и заработной платы
|v Ч. 2 : Зуборезные, горизонтально- расточные, резьбонакатные и отрезные станки
|d 1974-
|
| 610 |
1 |
|
|a нормативы
|
| 610 |
1 |
|
|a резание металлов
|
| 610 |
1 |
|
|a нормативы времени
|
| 610 |
1 |
|
|a металлорежущие станки
|
| 610 |
1 |
|
|a техническое нормирование
|
| 610 |
1 |
|
|a зуборезерные станки
|
| 610 |
1 |
|
|a горизонтально-расточные станки
|
| 675 |
|
|
|a 621.91:658(083)
|v 3
|
| 675 |
|
|
|a 621.91.01:658.54(083)
|v 3
|
| 801 |
|
1 |
|a RU
|b 63413507
|c 20050219
|g PSBO
|
| 801 |
|
2 |
|a RU
|b 63413507
|c 20150918
|g PSBO
|
| 942 |
|
|
|c BK
|